Uccellacci e uccellini /
Na minha lista:
| Outros Autores: | , |
|---|---|
| Formato: | |
| Idioma: | Língua italiana |
| Publicado em: |
Milano :
CGD Messaggerie musicali,
p1988
|
| Tags: |
Sem tags, seja o primeiro a adicionar uma tag!
|
MARC
| LEADER | 00000ngm a22000007i 4500 | ||
|---|---|---|---|
| 001 | IT\ICCU\MOD\0319294 | ||
| 003 | ItRI | ||
| 005 | 20260124182820.0 | ||
| 008 | 010330s1988 it |||||||||||||||k|||||c | ||
| 040 | |b ita | ||
| 041 | 7 | |a ita |2 ISO-639-2 | |
| 245 | 0 | 0 | |a Uccellacci e uccellini / |c un film scritto e diretto da Pier Paolo Pasolini ; [musica di Ennio Morricone]. |
| 260 | |a Milano : |b CGD Messaggerie musicali, |c p1988 | ||
| 300 | |a 1 videocassetta (VHS) (ca. 85 min.) : |b b/n, son | ||
| 500 | |a Interpreti: Toto, Ninetto Davoli, Femi Benussi ... [et al.] | ||
| 500 | |a Ripr. del film del 1966 prod. Italia | ||
| 500 | |a Descrizione basata sul contenitore | ||
| 500 | |a NE: 071077. | ||
| 700 | 1 | |a Pasolini, Pier Paolo |0 IT\ICCU\CFIV\001068 | |
| 700 | 1 | |a Morricone, Ennio |0 IT\ICCU\CFIV\005318 | |
| 790 | 1 | |a Savio, Dan |3 IT\ICCU\MILV\325347 |z Morricone, Ennio | |
| 942 | |2 ddc |c VM |n 0 | ||
| 952 | |0 0 |1 0 |4 0 |6 VO_66_000000000000000 |7 0 |9 26791 |a BO |b BO |d 2026-01-24 |i 6266 |l 0 |o VO 66 |p BO6266 |r 2026-01-24 18:28:20 |w 2026-01-24 |x [Sebina 5] [1 videocassetta] |y VM |z 1 videocassetta | ||
| 999 | |c 22662 |d 22662 | ||